000
00307nam a22001337a 4500
008
170607b xxu||||| |||| 00| 0 eng d
020
_a
0582280907
041
_a
eng
080
_a
32
100
_a
18
101
_a
SHP
245
_a
THE POLITICS OF THE EQUAL RIGHTS AMENDMENT
_c
BOLES,J,K
942
_2
udc
_c
BK
999
_c
16221
_d
16221